Dictionary of economic terms

Salvato in:
Dettagli Bibliografici
Autore principale: Cilpin, Alan
Natura: Libro
Lingua:inglese
Pubblicazione: London Butterworths 1977
Tags: Aggiungi Tag
Nessun Tag, puoi essere il primo ad aggiungerne!!

MARC

LEADER 00000nam a2200000 4500
001 c119823
005 20150325111256.5
041 0 |a eng 
044 |a GB 
245 1 0 |a Dictionary of economic terms  |c Alan Cilpin 
264 1 |a London  |b Butterworths  |c 1977 
300 |a 249 s. 
100 1 |a Cilpin, Alan